00290nam a22000977a 4500008004100000040005500041080002200096245005200118260001200170300001000182240911b |||||||| |||| 00| 0 eng d aNational Science LibrarycNational Science Library a59(083.7)=84 bK3 aMiedzynarodowy kodeks nomenklatury zoologicznej b c1963 a113p.